000 00458nam a2200169 i 4500
001 21138
003 ES-MaACL
005 20230906152428.0
007 t|
008 021121s1973 sp ||||1| spa d
100 1 _aAlba, Víctor.
_919198
245 1 0 _aHistoria general del campesinado /
_cVíctor Alba.
250 _a[1ª ed.].
260 _a[Barcelona] :
_bPlaza & Janés,
_c[1973]
300 _a440 p. ;
_c22 cm.
852 _aES-MaACL
_jC-54749
_bR.87580
999 _c21138
_d21138